| 000 -LEADER |
| fixed length control field |
02752cam a2200289 i 4500 |
| 020 ## - INTERNATIONAL STANDARD BOOK NUMBER |
| International Standard Book Number |
9789814920896 |
| Qualifying information |
(paperback) |
| 040 ## - CATALOGING SOURCE |
| Original cataloging agency |
NSHSPK |
| 082 ## - DEWEY DECIMAL CLASSIFICATION NUMBER |
| Classification number |
612 |
| Author Mark |
WAU |
| 100 1# - MAIN ENTRY--PERSONAL NAME |
| Personal name |
Waugh, Anne, |
| Relator term |
author. |
| 9 (RLIN) |
126775 |
| 245 10 - TITLE STATEMENT |
| Title |
Ross & Wilson anatomy and physiology in health and illness / |
| Statement of responsibility, etc. |
Anne Waugh, BSc (Hons), MSc, CertEd, SRN, RNT, PFHEA, Former Senior Teaching Fellow and Senior Lecturer, School of Health and Social Care, Edinburgh Napier University, Edinburgh, UK, Allison Grant, BSc, PhD, FHEA, Lecturer, Department of Health and Life Sciences, Glasgow Caledonian University, Glasgow, UK ; illustrations by Richard Tibbitts, Antbits Limited. |
| 246 3# - VARYING FORM OF TITLE |
| Title proper/short title |
Ross and Wilson anatomy & physiology in health and illness |
| 246 3# - VARYING FORM OF TITLE |
| Title proper/short title |
Anatomy & physiology in health and illness |
| 250 ## - EDITION STATEMENT |
| Edition statement |
Fourteenth edition. |
| 264 #1 - PRODUCTION, PUBLICATION, DISTRIBUTION, MANUFACTURE, AND COPYRIGHT NOTICE |
| Place of production, publication, distribution, manufacture |
Lahore : |
| Name of producer, publisher, distributor, manufacturer |
Elsevier, |
| Date of production, publication, distribution, manufacture, or copyright notice |
2023. |
| 300 ## - PHYSICAL DESCRIPTION |
| Extent |
xi, 585 pages : |
| Other physical details |
color illustrations ; |
| Dimensions |
28 cm |
| 500 ## - GENERAL NOTE |
| General note |
Revised edition of: Ross and Wilson anatomy & physiology in health and illness / Anne Waugh, Allison Grant. 13th edition. [2018]. |
| 504 ## - BIBLIOGRAPHY, ETC. NOTE |
| Bibliography, etc. note |
Includes bibliographical references and index. |
| 520 ## - SUMMARY, ETC. |
| Summary, etc. |
Now in its fourteenth edition, Principles of Anatomy and Physiology remains a best-selling textbook, providing a clear and straightforward introduction to human anatomy and physiology, especially suited for students in nursing, allied health, biomedical, and paramedical sciences. This edition covers core essentials, including the pathology and pathophysiology of significant diseases and disorders, with new illustrations to enhance understanding, particularly in areas like pathophysiology and diagnostics. Surface anatomy is introduced for the first time, alongside updates on current scientific advancements, such as coronavirus-related content. The book features enhanced learning tools, such as Learning Outcomes boxes, color coding, orientation icons, and self-assessment activities, including case studies. Additional resources, including an online platform with animations, videos, an audio glossary, and self-assessment material, further support student comprehension. Principles of Anatomy and Physiology is a reliable reference for students and healthcare professionals, with definitions, examples, and an appendix of biological values to aid in understanding critical concepts. |
| 650 #0 - SUBJECT ADDED ENTRY--TOPICAL TERM |
| Topical term or geographic name entry element |
Human anatomy |
| Form subdivision |
Textbooks. |
| 9 (RLIN) |
126776 |
| 650 #0 - SUBJECT ADDED ENTRY--TOPICAL TERM |
| Topical term or geographic name entry element |
Human physiology |
| Form subdivision |
Textbooks. |
| 9 (RLIN) |
126777 |
| 650 #0 - SUBJECT ADDED ENTRY--TOPICAL TERM |
| Topical term or geographic name entry element |
Pathology |
| Form subdivision |
Textbooks. |
| 9 (RLIN) |
126778 |
| 650 #0 - SUBJECT ADDED ENTRY--TOPICAL TERM |
| Topical term or geographic name entry element |
Nursing |
| Form subdivision |
Textbooks. |
| 9 (RLIN) |
126779 |
| 700 1# - ADDED ENTRY--PERSONAL NAME |
| Personal name |
Grant, Allison |
| Fuller form of name |
(Allison Wynn), |
| Dates associated with a name |
1961- |
| Relator term |
author. |
| 9 (RLIN) |
126780 |
| 700 1# - ADDED ENTRY--PERSONAL NAME |
| Personal name |
Tibbitts, Richard, |
| Relator term |
illustrator. |
| 9 (RLIN) |
126781 |
| 942 ## - ADDED ENTRY ELEMENTS (KOHA) |
| Source of classification or shelving scheme |
|
| Koha item type |
Book |